000 00545nam a22002057a 4500
003 OSt
005 20170215174821.0
008 170215b xxu||||| |||| 00| 0 eng d
020 _a9780199573370
040 _cDDC.
082 _a620.11295FOX 2010.
100 _aFox,Mark;
_911588
245 _aOptical Properties of solids.
250 _a2nd ed.
260 _aOxford ;
_bOxford university Press,
_c2010.
300 _axvi,396p;
_bill;
_c27cm.
504 _aincludes bibliography and index.
650 _aPhysics.
_9809
942 _2ddc
_cO_SHELF
999 _c5553
_d5553